00290nam a2200121Ia 4500008004100000041001200041082001100053100002000064245006000084260000600144650000600150700001200156221030s9999 xx 000 0 und d aEnglish a105.23 aD. R. Choudhary 0aLinear Integrated Circuitscby D. R. Choudhary, S. Jain c0 aB aS. Jain